| 000 | 00580nam a2200205Ia 4500 | ||
|---|---|---|---|
| 999 |
_c16327 _d16327 |
||
| 003 | OSt | ||
| 005 | 20210729130511.0 | ||
| 008 | 160316s1952 xxu||||| |||| 00| 0 eng d | ||
| 040 | _cNLS | ||
| 082 |
_a338.9 _bFIR |
||
| 100 | _a | ||
| 245 | _aThe First five year plan | ||
| 260 |
_aNew Delhi _bGovt. of India, Planning Commission _c1952 |
||
| 300 | _a671p | ||
| 365 | _bRs.243p | ||
| 650 | _a1.Economic Development - First Five Year Plan | ||
| 700 |
_a _a |
||
| 856 | _uhttps://niti.gov.in/planningcommission.gov.in/docs/plans/planrel/fiveyr/index8.html | ||
| 942 |
_2ddc _cBK |
||